Cultura Geral - Statistics

Estatísticas Gerais
  • Esse quiz foi jogado 794 vezes
  • A pontuação média é 12 de 15
Estatísticas das Respostas
Hint Resposta % Correto
Qual a capital de França? Paris
99%
Quantos dias demora a terra a orbitar o sol? 365
96%
Qual o animal nacional da Austrália? Canguru
94%
Qual o país mais pequeno do mundo? Vaticano
94%
Qual é o rio mais longo do mundo? Nilo
86%
Qual a série de livros mais vendida no século XXI? Harry Potter
85%
Qual a maior cordilheira do mundo? Andes
83%
Qual o significado da cor verde ? Esperança
78%
Quantas riscas tem a bandeira dos EUA? 13
75%
De que cidade são os Beatles? Liverpool
74%
Quem pintou o teto da Capela Sistina? Michelangelo
71%
Onde é que foram realizados os primeiros Jogos Olímpicos modernos? Atenas
66%
Qual foi o primeiro filme da Disney? Branca de Neve
65%
Qual a flor nacional do Japão? Flor de cerejeira
56%
Qual a mais alta cadeia montanhosa do mundo? Himalaias
40%
Nenhum quiz correspondente encontrado
Distribuição das Pontuações
Porcentagem de Pessoas com Cada Pontuação
Percentil de Números Respondidos
Sua Pontuação Histórica
Você não jogou esse quiz